000 00505nam a2200181Ia 4500
999 _c15161
_d15161
003 OSt
005 20201111120914.0
008 190216s9999||||xx |||||||||||||| ||und||
020 _a0195620534
040 _coclc
082 _a428.2
_bTHO/P
100 _aThomson, A J
_96467
245 2 _aA Practical English Grammar /
_cA J Thomson
250 _a6th Ed.
260 _bOxford India Paperback,
_c2006.
_aNewyork:
300 _a383p
942 _cBK
_2ddc
_h428.2
_iTHO/P
_k428.2
_mTHO/P